000
00373nam a2200169Ia 4500
003
IT-RoPAU
008
120407s9999 xx 000 0 und d
040
_a
IT-RoPAU
040
_c
IT-RoPAU
100
_a
Gabriele M. Roschini
245
_a
Il dogma mariano
250
_a
Rovigo
260
_a
Istituto Padano Arti Grafiche
300
_c
cm
490
_v
1
942
_c
BK
999
_c
7013
_d
7013